[Event "RUS-ChT L1"]
[Site "Sochi RUS"]
[Date "2008.04.04"]
[Round "2"]
[White "Pogromsky, Mikhail"]
[Black "Danin, Alexandre"]
[Result "1/2-1/2"]
[WhiteElo "2408"]
[BlackElo "2480"]
[EventDate "2008.04.03"]
[PlyCount "84"]

1.d4 Nf6 2.c4 g6 3.Bg5 Bg7 4.Nc3 d5 5.Bxf6 Bxf6 6.cxd5 c6 7.Rc1 Qb6 8.e3 
Qxb2 9.Bc4 O-O 10.Nge2 Qb4 11.Qb3 Qxb3 12.Bxb3 e6 13.Ne4 Be7 14.dxe6 Bxe6 
15.Bxe6 fxe6 16.Nf4 Kf7 17.h4 Nd7 18.Ng5+ Bxg5 19.hxg5 Rh8 20.Nd3 Kg7 21.
Ke2 h6 22.gxh6+ Rxh6 23.Rxh6 Kxh6 24.f4 Kg7 25.Kf3 Rc8 26.g4 b6 27.g5 c5 
28.dxc5 bxc5 29.Rc4 Rc7 30.e4 Kf7 31.Kg4 Kg7 32.f5 exf5+ 33.exf5 gxf5+ 34.
Kxf5 Rc6 35.Re4 c4 36.Re7+ Kf8 37.Rxd7 cxd3 38.Rxd3 Ra6 39.a3 Kg7 40.Rd7+ 
Kg8 41.Rd3 Kg7 42.Ke5 Kg6 1/2-1/2

[Event "RUS-ChT L1"]
[Site "Sochi RUS"]
[Date "2008.04.04"]
[Round "2"]
[White "Pokazanjev, Nikolai"]
[Black "Grishchenko, Sergey"]
[Result "1-0"]
[WhiteElo "2405"]
[BlackElo "2390"]
[EventDate "2008.04.03"]
[PlyCount "71"]

1.e4 c6 2.d4 d5 3.e5 c5 4.dxc5 e6 5.a3 Ne7 6.Nf3 Nd7 7.c4 Ng6 8.cxd5 Bxc5 
9.b4 Bb6 10.dxe6 fxe6 11.Qd6 Ndxe5 12.Bb5+ Nc6 13.Qxd8+ Bxd8 14.Bb2 O-O 
15.Nbd2 a6 16.Bc4 b5 17.Bd3 Bb7 18.O-O Nf4 19.Be4 a5 20.Nb3 axb4 21.Nc5 
Be7 22.Nxb7 bxa3 23.Bxa3 Bxa3 24.Bxc6 b4 25.Nd4 Rac8 26.Bf3 Bb2 27.Rad1 e5
28.Nc6 Rc7 29.Nbd8 e4 30.Bxe4 Bf6 31.Kh1 Bxd8 32.Nxd8 g5 33.g3 Re7 34.f3 
Ne2 35.Nc6 Rb7 36.Nd4 1-0

[Event "RUS-ChT L1"]
[Site "Sochi RUS"]
[Date "2008.04.04"]
[Round "2"]
[White "Rodin, Dmitrij"]
[Black "Karpov, Alexander"]
[Result "1/2-1/2"]
[WhiteElo "2456"]
[BlackElo "2323"]
[EventDate "2008.04.03"]
[PlyCount "37"]

1.e4 e5 2.Nf3 Nc6 3.Bc4 Bc5 4.c3 Nf6 5.d3 d6 6.Bb3 a6 7.Nbd2 O-O 8.O-O Ba7
9.h3 h6 10.Re1 Re8 11.Nf1 Be6 12.Ng3 d5 13.Qe2 Qd7 14.Kh2 Rad8 15.Rd1 Qc8 
16.Be3 dxe4 17.dxe4 Bxb3 18.axb3 Bxe3 19.Qxe3 1/2-1/2

[Event "RUS-ChT L1"]
[Site "Sochi RUS"]
[Date "2008.04.04"]
[Round "2"]
[White "Shimanov, Alexandr"]
[Black "Geller, Jakov"]
[Result "1/2-1/2"]
[WhiteElo "2441"]
[BlackElo "2511"]
[EventDate "2008.04.03"]
[PlyCount "86"]

1.d4 d5 2.c4 e6 3.Nf3 Nf6 4.Bg5 dxc4 5.Nc3 a6 6.e3 Nbd7 7.Bxc4 b5 8.Bb3 
Bb7 9.d5 Nc5 10.dxe6 Qxd1+ 11.Rxd1 fxe6 12.Bc2 Bd6 13.O-O O-O 14.Nd4 Rae8 
15.f3 g6 16.b4 Ncd7 17.Bb3 Kf7 18.a3 Ne5 19.e4 Nc4 20.Ncxb5 axb5 21.Nxb5 
Nxa3 22.Nxa3 Bxb4 23.Nb5 Bc5+ 24.Kh1 Ba6 25.Bc4 Bxb5 26.Bxb5 Rb8 27.Bc4 
Be7 28.Bf4 Rb4 29.Rc1 c5 30.Rfd1 Rd8 31.Rxd8 Bxd8 32.Bd2 Rb7 33.g4 Bc7 34.
Rc2 Be5 35.Kg2 Rb2 36.Rxb2 Bxb2 37.Kf2 Bd4+ 38.Ke2 Ke7 39.Kd3 Nd7 40.Kc2 
Nb6 41.Ba2 c4 42.Bb4+ Kf6 43.f4 g5 1/2-1/2

[Event "RUS-ChT L1"]
[Site "Sochi RUS"]
[Date "2008.04.04"]
[Round "2"]
[White "Sjugirov, Sanan"]
[Black "Lintchevski, Daniil"]
[Result "1/2-1/2"]
[WhiteElo "2491"]
[BlackElo "2440"]
[EventDate "2008.04.03"]
[PlyCount "170"]

1.e4 e5 2.Nf3 Nf6 3.Nxe5 d6 4.Nf3 Nxe4 5.Nc3 Nxc3 6.dxc3 Be7 7.Bf4 Nc6 8.
Qd2 Bg4 9.Be2 Qd7 10.h3 Be6 11.O-O-O a6 12.Ng5 Bxg5 13.Bxg5 f6 14.Be3 
O-O-O 15.Rhe1 Rhe8 16.c4 d5 17.cxd5 Qxd5 18.Qxd5 Bxd5 19.Bf1 Bf7 20.b3 Bg6
21.Rxd8+ Rxd8 22.Bd2 Nd4 23.c4 Nc6 24.Bc3 Bd3 25.Bxd3 Rxd3 26.Kc2 Rd8 27.
Re4 Rf8 28.Rh4 h6 29.Re4 Kd7 30.Kd3 Rf7 31.h4 h5 32.Re3 Ne7 33.Ke2 Nf5 34.
Rd3+ Ke6 35.g3 Rd7 36.Rxd7 Kxd7 37.Kd3 Ke6 38.Bd2 Ne7 39.Bf4 Kd7 40.Ke4 
Ng6 41.Bd2 Ke6 42.Ba5 b6 43.Bd2 Ne7 44.Bf4 Kd7 45.Bc1 Ke6 46.Bd2 Ng6 47.a4
Ne5 48.Bc3 Nf7 49.Kd3 Ne5+ 50.Ke4 Nf7 51.Bb4 c5 52.Bd2 f5+ 53.Kf4 a5 54.
Bc3 g6 55.Bb2 Kd7 56.Be5 Kc8 57.f3 Kd7 58.Ba1 Ke6 59.Bb2 Kd6 60.g4 fxg4 
61.fxg4 hxg4 62.Kxg4 Ke6 63.Kf4 Kd6 64.Bc3 Ke6 65.Ba1 Kd6 66.Bb2 Kd7 67.
Bc1 Ke6 68.Be3 Kf6 69.Ke4 Ke6 70.Bf4 Nd6+ 71.Kf3 Nf5 72.Kg4 Nd4 73.Kg5 
Nf3+ 74.Kg4 Nd4 75.Bc7 Nxb3 76.Kg5 Kf7 77.Bxb6 Nd2 78.Bxa5 Nxc4 79.Bc7 Ne3
80.Bb6 Ke6 81.a5 Kd7 82.a6 Kc6 83.Bxc5 Ng2 84.Bf2 Kc7 85.Kxg6 Nxh4+ 
1/2-1/2

[Event "RUS-ChT L1"]
[Site "Sochi RUS"]
[Date "2008.04.04"]
[Round "2"]
[White "Sokolov, Dmitri"]
[Black "Khuseinkhodzhaev, Muhammad"]
[Result "1-0"]
[WhiteElo "2403"]
[BlackElo "2397"]
[EventDate "2008.04.03"]
[PlyCount "79"]

1.e4 e5 2.Nf3 Nc6 3.Bb5 a6 4.Bxc6 dxc6 5.O-O f6 6.d4 Bg4 7.c3 Bd6 8.Be3 
Qe7 9.Nbd2 O-O-O 10.Qc2 exd4 11.cxd4 Re8 12.e5 Bb4 13.a3 Bxd2 14.Nxd2 fxe5
15.b4 Nh6 16.a4 exd4 17.Bxd4 Nf5 18.Bc5 Qg5 19.Ne4 Qg6 20.f3 Nh4 21.Kh1 
Bf5 22.Rfe1 Bxe4 23.fxe4 Re5 24.Qf2 Qf6 25.Qg3 Rd8 26.Rf1 Qg5 27.Qxg5 Rxg5
28.Be7 Rg4 29.Bxd8 Kxd8 30.Rf7 Rxe4 31.Rd1+ Ke8 32.Rxg7 Rxb4 33.Rxc7 h5 
34.Rh7 Ng6 35.g3 Rxa4 36.Rxb7 Ra5 37.Rd6 Ne5 38.Rh6 Ra1+ 39.Kg2 Ra2+ 40.
Kf1 1-0

[Event "RUS-ChT L1"]
[Site "Sochi RUS"]
[Date "2008.04.04"]
[Round "2"]
[White "Tseshkovsky, Vitaly"]
[Black "Levin, Evgeny A"]
[Result "1/2-1/2"]
[WhiteElo "2504"]
[BlackElo "2440"]
[EventDate "2008.04.03"]
[PlyCount "48"]

1.e4 c5 2.Nc3 a6 3.g3 b5 4.Bg2 Bb7 5.Nge2 e6 6.O-O Nf6 7.d3 d5 8.exd5 Nxd5
9.Nxd5 Bxd5 10.Bxd5 Qxd5 11.a4 b4 12.c4 Qh5 13.a5 Nc6 14.d4 Be7 15.d5 Ne5 
16.Qa4+ Kf8 17.Nf4 Qf5 18.f3 h5 19.dxe6 g5 20.Nd5 h4 21.Nxe7 Nxf3+ 22.Kg2 
Qe4 23.Rxf3 g4 24.Ng6+ Kg7 1/2-1/2

[Event "RUS-ChT L1"]
[Site "Sochi RUS"]
[Date "2008.04.04"]
[Round "2"]
[White "Venevtsev, Andrey"]
[Black "Glushko, Andrey"]
[Result "1-0"]
[WhiteElo "2178"]
[BlackElo "2312"]
[EventDate "2008.04.03"]
[PlyCount "54"]

1.e4 e5 2.Nf3 Nc6 3.d4 exd4 4.Bc4 Nf6 5.O-O Be7 6.e5 Ne4 7.Bd5 Nc5 8.Re1 
Ne6 9.c3 dxc3 10.Nxc3 b6 11.Qe2 Bb7 12.Qe4 Qc8 13.a3 Na5 14.b4 Bxd5 15.
Nxd5 Nb3 16.Rb1 Nxc1 17.Rbxc1 c6 18.Nxe7 Kxe7 19.Nh4 Kf8 20.f4 Qd8 21.f5 
Nc7 22.Rc3 Nd5 23.Rg3 f6 24.Rh3 Kf7 25.Ng6 Re8 26.e6+ dxe6 27.fxe6+ Kg8 
1-0

[Event "RUS-ChT L1"]
[Site "Sochi RUS"]
[Date "2008.04.04"]
[Round "2"]
[White "Vorobiov, Evgeny E"]
[Black "Sultimov, Bulat"]
[Result "1-0"]
[WhiteElo "2537"]
[BlackElo "2292"]
[EventDate "2008.04.03"]
[PlyCount "157"]

1.d4 Nf6 2.c4 g6 3.Nc3 Bg7 4.Nf3 O-O 5.Bg5 h6 6.Bh4 d6 7.e3 Nbd7 8.Qc2 c6 
9.Be2 Re8 10.O-O Qb6 11.a3 e5 12.Rfd1 Qc7 13.Rac1 Nf8 14.d5 c5 15.Nd2 Bf5 
16.Bd3 Bxd3 17.Qxd3 Qd7 18.b4 b6 19.bxc5 bxc5 20.Nb3 g5 21.Bg3 Nh5 22.f3 
Nxg3 23.hxg3 a5 24.g4 Ng6 25.Nd2 Rf8 26.Rf1 Ne7 27.e4 Bf6 28.Kf2 h5 29.
gxh5 g4 30.fxg4 Qxg4 31.Qf3 Qg7 32.Ke2 Bg5 33.Qg4 Kh8 34.Rb1 Qh6 35.Nf3 
Rg8 36.Qh3 Raf8 37.g4 Rg7 38.Rb7 Ng8 39.Nh4 Bxh4 40.Qxh4 f6 41.Rxg7 Qxg7 
42.Nb5 Qd7 43.Rf5 Rf7 44.g5 fxg5 45.Rxf7 Qxf7 46.Qxg5 Qf8 47.Qg6 Nf6 48.
Qf5 Qe7 49.Kd3 Ne8 50.Kc2 a4 51.Nc3 Ng7 52.Qg6 Qh4 53.Nxa4 Nxh5 54.Qh6+ 
Kg8 55.Qg6+ Kh8 56.Qxd6 Qxe4+ 57.Kb3 Qe3+ 58.Nc3 Ng3 59.Qf6+ Kh7 60.Qh4+ 
Kg7 61.Qh3 Qf2 62.Qg4+ Kf8 63.Qc8+ Kg7 64.Qc7+ Kg6 65.Qd6+ Kh7 66.Qe7+ Kh6
67.Qh4+ Kg6 68.Qg4+ Kh6 69.Qe6+ Kh7 70.Qxe5 Nf5 71.Qe4 Kh6 72.Nb5 Ng3 73.
Qe6+ Kh5 74.Qe5+ Kh6 75.d6 Qd2 76.Qd5 Qe3+ 77.Ka4 Qe8 78.d7 Qd8 79.Qc6+ 
1-0

[Event "RUS-ChT L1"]
[Site "Sochi RUS"]
[Date "2008.04.04"]
[Round "2"]
[White "Yudin, Sergei"]
[Black "Minasian, Artashes"]
[Result "0-1"]
[WhiteElo "2519"]
[BlackElo "2578"]
[EventDate "2008.04.03"]
[PlyCount "88"]

1.e4 g6 2.d4 Bg7 3.Nc3 c6 4.f4 d5 5.e5 Nh6 6.Nf3 Qb6 7.Na4 Qa5+ 8.c3 Bg4 
9.b4 Qc7 10.h3 Bxf3 11.Qxf3 Nd7 12.Bd3 f6 13.g4 fxe5 14.fxe5 Rf8 15.Qe2 e6
16.h4 Nf7 17.h5 O-O-O 18.hxg6 hxg6 19.Rh7 Nfxe5 20.dxe5 Nxe5 21.Bd2 Nf3+ 
22.Kd1 Nxd2 23.Qxd2 Rh8 24.Rxh8 Rxh8 25.Kc2 Rh2 26.Be2 Qg3 27.Re1 Bh6 28.
Qd1 Bg7 29.Qd2 Bh6 30.Qd4 e5 31.Qd1 Qf2 32.Kb3 Be3 33.Qb1 e4 34.Bf1 b5 35.
Nc5 Bxc5 36.Re2 Qg1 37.Rxh2 Qxh2 38.bxc5 Qf2 39.a4 a6 40.axb5 axb5 41.Kb4 
Kb7 42.Qd1 Qb2+ 43.Qb3 Qd2 44.Ka5 Qf2 0-1

[Event "RUS-ChT L1"]
[Site "Sochi RUS"]
[Date "2008.04.05"]
[Round "3"]
[White "Ajrapetian, Gevorg"]
[Black "Belikov, Vladimir"]
[Result "1/2-1/2"]
[WhiteElo "2298"]
[BlackElo "2553"]
[EventDate "2008.04.03"]
[PlyCount "26"]

1.e4 c5 2.Nf3 Nc6 3.d4 cxd4 4.Nxd4 Qb6 5.Nb3 Nf6 6.Nc3 e6 7.Be3 Qc7 8.f4 
d6 9.Qf3 a6 10.O-O-O Nd7 11.g4 b5 12.g5 Bb7 13.Kb1 b4 1/2-1/2

[Event "RUS-ChT L1"]
[Site "Sochi RUS"]
[Date "2008.04.05"]
[Round "3"]
[White "Babiy, Anatoly"]
[Black "Moiseenko, Vladimir1"]
[Result "1-0"]
[WhiteElo "2452"]
[BlackElo "2409"]
[EventDate "2008.04.03"]
[PlyCount "77"]

1.d4 Nf6 2.Nf3 g6 3.Bf4 Bg7 4.e3 O-O 5.h3 d6 6.Be2 Nbd7 7.c3 Qe8 8.O-O e5 
9.dxe5 dxe5 10.Bh2 Qe7 11.Qc2 b6 12.Nbd2 Bb7 13.a4 a6 14.Rfe1 Rfd8 15.Bc4 
Ne8 16.e4 Nd6 17.Bd5 c6 18.Ba2 b5 19.c4 bxa4 20.c5 Nb5 21.Rec1 a3 22.bxa3 
Nd4 23.Nxd4 exd4 24.Bd6 Qf6 25.Rab1 Bc8 26.Nf3 d3 27.Qc4 Bh6 28.Rd1 a5 29.
e5 Qg7 30.Qe4 Nb8 31.g4 Bf5 32.Qd4 Be6 33.Bxe6 fxe6 34.g5 Qf7 35.Rxd3 Bg7 
36.Qe4 Na6 37.Nh2 Qd7 38.Rdb3 Bf8 39.Ng4 1-0

[Event "RUS-ChT L1"]
[Site "Sochi RUS"]
[Date "2008.04.05"]
[Round "3"]
[White "Badmatsyrenov, Oleg"]
[Black "Nikolaev, Nikita"]
[Result "0-1"]
[WhiteElo "2343"]
[BlackElo "2424"]
[EventDate "2008.04.03"]
[PlyCount "96"]

1.e4 Nc6 2.Nf3 d6 3.d4 g6 4.Nc3 Bg7 5.Bb5 a6 6.Bxc6+ bxc6 7.O-O Nf6 8.h3 
O-O 9.Be3 Nd7 10.Ne2 c5 11.dxc5 Nxc5 12.Bxc5 dxc5 13.Qc1 Rb8 14.Rb1 Qe8 
15.b3 Qc6 16.Qe3 Bb7 17.Ng3 Rbd8 18.Rfd1 Rd6 19.Rd5 Qb6 20.Rdd1 Qa5 21.Re1
Rd7 22.h4 Rfd8 23.h5 Qc3 24.hxg6 hxg6 25.Qg5 Qxc2 26.Rbc1 Qxa2 27.Qxc5 Ba8
28.Ne5 Rd6 29.b4 Qe6 30.Nf3 Rc6 31.Qa5 Rc4 32.Ng5 Qc6 33.Rb1 Bd4 34.Qa2 e6
35.Nf3 Rc2 36.Nxd4 Rxd4 37.Qa3 Rdd2 38.Nh1 Qb6 39.Qg3 Bc6 40.Rb3 Qd4 41.
Rbe3 Rd1 42.Qf3 Rcc1 43.Rxd1 Rxd1+ 44.Kh2 Qa1 45.g4 Qh8+ 46.Qh3 Qxh3+ 47.
Rxh3 Bxe4 48.Ng3 Bd5 0-1

[Event "RUS-ChT L1"]
[Site "Sochi RUS"]
[Date "2008.04.05"]
[Round "3"]
[White "Belov, Vladimir"]
[Black "Sjugirov, Sanan"]
[Result "1/2-1/2"]
[WhiteElo "2578"]
[BlackElo "2491"]
[EventDate "2008.04.03"]
[PlyCount "55"]

1.e4 c5 2.Nc3 d6 3.Nf3 Nf6 4.d4 cxd4 5.Nxd4 a6 6.Be2 e5 7.Nb3 Be7 8.O-O 
O-O 9.a4 Be6 10.Bf3 Qc7 11.Re1 Rd8 12.Be3 Nbd7 13.Nd2 Qc6 14.Nf1 b5 15.Nd5
Bxd5 16.exd5 Qb7 17.axb5 axb5 18.Qd3 Rdc8 19.Nd2 Bd8 20.b4 Ra6 21.h3 g6 
22.Bh6 Qb8 23.Nb3 Rc4 24.Qd2 Rxa1 25.Rxa1 Qc8 26.Ra2 Ne4 27.Bxe4 Rxe4 28.
Be3 1/2-1/2

[Event "RUS-ChT L1"]
[Site "Sochi RUS"]
[Date "2008.04.05"]
[Round "3"]
[White "Bezgodov, Alexei"]
[Black "Filippov, Valerij"]
[Result "1/2-1/2"]
[WhiteElo "2502"]
[BlackElo "2561"]
[EventDate "2008.04.03"]
[PlyCount "69"]

1.e4 c5 2.Nf3 Nc6 3.d4 cxd4 4.Nxd4 Nf6 5.Nc3 e5 6.Ndb5 d6 7.Bg5 a6 8.Na3 
b5 9.Nd5 Be7 10.Bxf6 Bxf6 11.c4 b4 12.Nc2 a5 13.g3 O-O 14.Bg2 Bg5 15.O-O 
Ne7 16.Nde3 Bxe3 17.Nxe3 Be6 18.Qd3 Qb6 19.Nf5 Nc8 20.Rac1 Ra7 21.h4 g6 
22.Ne3 Ne7 23.Kh2 Rd7 24.f4 exf4 25.gxf4 f5 26.Bh3 Kh8 27.Qd2 Nc6 28.Rcd1 
Qd8 29.Qf2 Qf6 30.exf5 gxf5 31.Nd5 Qh6 32.Rg1 Rg7 33.Rg5 Rg6 34.b3 Qg7 35.
Ne3 1/2-1/2

[Event "RUS-ChT L1"]
[Site "Sochi RUS"]
[Date "2008.04.05"]
[Round "3"]
[White "Chadaev, Nikolay"]
[Black "Ionov, Sergey"]
[Result "1/2-1/2"]
[WhiteElo "2471"]
[BlackElo "2546"]
[EventDate "2008.04.03"]
[PlyCount "70"]

1.e4 c5 2.Nf3 e6 3.d3 Nc6 4.g3 Nge7 5.Bg2 g6 6.c3 Bg7 7.O-O e5 8.a4 O-O 9.
Na3 d5 10.exd5 Nxd5 11.Re1 h6 12.Nc4 Re8 13.Nfd2 Be6 14.a5 Rb8 15.Qa4 Qc7 
16.Qb5 b6 17.Nf1 Red8 18.axb6 axb6 19.Nfe3 Nde7 20.Nf1 Bd7 21.Qb3 b5 22.
Ncd2 Be6 23.Qc2 Qb6 24.h4 Rd7 25.Ne4 f5 26.Ned2 Rbd8 27.Nb3 c4 28.Be3 cxb3
29.Bxb6 bxc2 30.Bxd8 Rxd8 31.Ne3 Rxd3 32.Bf1 Rd2 33.Bxb5 c1=Q 34.Rexc1 
Rxb2 35.Ra8+ Kf7 1/2-1/2

[Event "RUS-ChT L1"]
[Site "Sochi RUS"]
[Date "2008.04.05"]
[Round "3"]
[White "Chernyshov, Konstantin"]
[Black "Zabotin, Alexander"]
[Result "1/2-1/2"]
[WhiteElo "2543"]
[BlackElo "2495"]
[EventDate "2008.04.03"]
[PlyCount "83"]

1.c4 c5 2.Nc3 Nc6 3.f4 g6 4.e4 d6 5.d3 Bg7 6.g3 Nd4 7.Bg2 e6 8.Nh3 Ne7 9.
O-O Nec6 10.Rf2 h6 11.Be3 f5 12.Kh1 O-O 13.Qd2 Kh7 14.Re1 a6 15.Ng1 Rb8 
16.Nce2 b5 17.b3 bxc4 18.dxc4 fxe4 19.Bxe4 d5 20.cxd5 exd5 21.Bg2 Qd6 22.
Nc3 Nb4 23.f5 g5 24.g4 Be5 25.Rc1 Bd7 26.Nce2 Ndc2 27.Rxc2 Nxc2 28.Qxc2 d4
29.f6+ Kh8 30.Qg6 Rxf6 31.Rxf6 Qxf6 32.Qxf6+ Bxf6 33.Bd2 Bxg4 34.Bd5 Rd8 
35.Bc4 Bc8 36.Kg2 Bb7+ 37.Kf1 Be4 38.Ng3 Bg6 39.Nh3 Bb1 40.Nf2 Bxa2 41.Nd1
Be7 42.Ne4 1/2-1/2

[Event "RUS-ChT L1"]
[Site "Sochi RUS"]
[Date "2008.04.05"]
[Round "3"]
[White "Dashibalov, Erdem"]
[Black "Shimanov, Alexandr"]
[Result "1/2-1/2"]
[WhiteElo "2408"]
[BlackElo "2441"]
[EventDate "2008.04.03"]
[PlyCount "69"]

1.d4 Nf6 2.c4 g6 3.g3 Bg7 4.Bg2 O-O 5.Nc3 d6 6.Nf3 Nbd7 7.O-O e5 8.e4 c6 
9.b3 Qb6 10.Bb2 Re8 11.c5 dxc5 12.dxe5 Ng4 13.Na4 Qd8 14.e6 fxe6 15.Bxg7 
Kxg7 16.h3 Ngf6 17.e5 Nd5 18.h4 b6 19.Qd2 Rf8 20.Rfe1 Qe7 21.Ng5 h5 22.Ne4
b5 23.Nac3 Nxe5 24.Nxd5 exd5 25.Nxc5 Nf3+ 26.Bxf3 Qxc5 27.Rac1 Qd6 28.Qd4+
Rf6 29.Re8 Kf7 30.Rce1 Rxf3 31.Qh8 Rxg3+ 32.fxg3 Qxg3+ 33.Kh1 Qxh4+ 34.Kg1
Qg3+ 35.Kh1 1/2-1/2

[Event "RUS-ChT L1"]
[Site "Sochi RUS"]
[Date "2008.04.05"]
[Round "3"]
[White "Geller, Jakov"]
[Black "Iordachescu, Viorel"]
[Result "0-1"]
[WhiteElo "2511"]
[BlackElo "2586"]
[EventDate "2008.04.03"]
[PlyCount "92"]

1.e4 e5 2.Nf3 Nc6 3.Bb5 a6 4.Ba4 Nf6 5.O-O Be7 6.Re1 b5 7.Bb3 O-O 8.d3 d6 
9.c3 a5 10.a4 b4 11.Nbd2 Rb8 12.h3 h6 13.Nf1 Re8 14.Ng3 Bf8 15.d4 bxc3 16.
bxc3 exd4 17.cxd4 Nb4 18.d5 c6 19.dxc6 Nxc6 20.Bc4 Ne5 21.Bb5 Nxf3+ 22.
Qxf3 Bd7 23.Bxd7 Nxd7 24.Nf5 Ne5 25.Qg3 Kh7 26.Ba3 Nc4 27.Rad1 Nxa3 28.
Qxa3 Rb4 29.Qf3 Qc7 30.Rd4 Rxd4 31.Nxd4 Qc4 32.Nb5 Kg8 33.Nc3 d5 34.Nxd5 
Qxa4 35.g3 Qd4 36.Qg4 a4 37.Rd1 Qe5 38.Qd7 a3 39.Qa4 Qxe4 40.Rd4 Qb1+ 41.
Kg2 Rb8 42.Qa7 a2 43.Ra4 Qb5 44.Ne3 Qc6+ 45.Kf1 Rb1+ 46.Ke2 Qxa4 0-1

[Event "RUS-ChT L1"]
[Site "Sochi RUS"]
[Date "2008.04.05"]
[Round "3"]
[White "Gutov, Andrey"]
[Black "Klimov, Sergey"]
[Result "1/2-1/2"]
[WhiteElo "2467"]
[BlackElo "2483"]
[EventDate "2008.04.03"]
[PlyCount "109"]

1.d4 d5 2.c4 e6 3.Nc3 Nf6 4.cxd5 exd5 5.Bg5 c6 6.e3 Qb6 7.Qc2 Ne4 8.Bf4 
Bf5 9.Bd3 Na6 10.a3 Qa5 11.Rb1 Nxc3 12.bxc3 Bxd3 13.Qxd3 Nc7 14.Ne2 Ne6 
15.Bg3 Be7 16.O-O Rd8 17.c4 Qa6 18.Rbc1 O-O 19.Rc2 Qxa3 20.Qxa3 Bxa3 21.
Ra1 Bb4 22.Rb2 a5 23.c5 Rd7 24.Rab1 Re8 25.h4 f5 26.Rb3 h6 27.h5 Ng5 28.f3
b6 29.cxb6 Rb7 30.Nc1 Rxb6 31.Na2 Nh7 32.Nxb4 Rxb4 33.Rxb4 axb4 34.Rxb4 
Nf6 35.Be5 Nxh5 36.Rb7 Re6 37.Kf2 g5 38.Rb8+ Kf7 39.Rc8 Nf6 40.Rc7+ Kg6 
41.Rc8 h5 42.Rc7 h4 43.Rc8 Ne8 44.Rd8 Kf7 45.Kg1 g4 46.Rc8 g3 47.Kf1 Kg6 
48.Bf4 Kf6 49.Rd8 Kg6 50.Be5 Kf7 51.Bf4 Re7 52.Bg5 Ra7 53.Bxh4 Ra1+ 54.Ke2
Ra2+ 55.Kf1 1/2-1/2

[Event "RUS-ChT L1"]
[Site "Sochi RUS"]
[Date "2008.04.05"]
[Round "3"]
[White "Inants, Aghasi"]
[Black "Sergienko, Sergey"]
[Result "1/2-1/2"]
[WhiteElo "2241"]
[BlackElo "2449"]
[EventDate "2008.04.03"]
[PlyCount "38"]

1.e4 c6 2.d4 g6 3.f4 d5 4.e5 h5 5.Be3 Nh6 6.Nf3 Bg4 7.Bd3 e6 8.Nbd2 Nf5 9.
Bf2 Be7 10.h3 Bxf3 11.Nxf3 h4 12.Qd2 Nd7 13.O-O Kf8 14.b3 Kg7 15.c4 a5 16.
Qc2 Rc8 17.c5 b6 18.a3 b5 19.b4 a4 1/2-1/2

[Event "RUS-ChT L1"]
[Site "Sochi RUS"]
[Date "2008.04.05"]
[Round "3"]
[White "Kabanov, Nikolai"]
[Black "Kljucharev, Sergey"]
[Result "1/2-1/2"]
[WhiteElo "2517"]
[BlackElo "2367"]
[EventDate "2008.04.03"]
[PlyCount "105"]

1.e4 c5 2.Nf3 e6 3.d4 cxd4 4.Nxd4 Nf6 5.Nc3 Nc6 6.Ndb5 d6 7.Bf4 e5 8.Bg5 
a6 9.Na3 b5 10.Nd5 Be7 11.Bxf6 Bxf6 12.c4 O-O 13.cxb5 axb5 14.Nxb5 Bg5 15.
Bc4 Qa5+ 16.Ndc3 Ba6 17.O-O Rab8 18.a4 Nd4 19.b3 Kh8 20.Nd5 Bxb5 21.axb5 
Qd8 22.b6 Qc8 23.f4 Bd8 24.f5 Bxb6 25.Kh1 Bd8 26.Ra7 Qc5 27.Ra6 Bg5 28.Qd3
Nc6 29.Qh3 Bh6 30.f6 Na5 31.fxg7+ Bxg7 32.Rxa5 Qxa5 33.Ne7 Qc7 34.Qh4 Rb7 
35.Nf5 Ra7 36.h3 Qd8 37.Qf2 Rb7 38.Rd1 Rb6 39.Rd3 Qc7 40.Nxg7 d5 41.Nf5 
dxc4 42.bxc4 Rg6 43.c5 Kg8 44.Nh4 Ra6 45.Rd5 Qe7 46.Nf5 Qf6 47.Qb2 Re6 48.
Rd7 h6 49.Kh2 Qg5 50.g3 Qf6 51.h4 Rd8 52.Qb7 Rxd7 53.Qxd7 1/2-1/2

[Event "RUS-ChT L1"]
[Site "Sochi RUS"]
[Date "2008.04.05"]
[Round "3"]
[White "Kostin, Alexey"]
[Black "Paveliev, Alexey"]
[Result "1/2-1/2"]
[WhiteElo "2389"]
[BlackElo "2423"]
[EventDate "2008.04.03"]
[PlyCount "39"]

1.e4 d5 2.exd5 Nf6 3.Bb5+ Bd7 4.Be2 Nxd5 5.d4 Bf5 6.Nf3 e6 7.O-O Be7 8.a3 
O-O 9.c4 Nb6 10.Nc3 N8d7 11.b4 Bf6 12.Be3 a5 13.Qb3 axb4 14.axb4 c6 15.Ra5
Qc7 16.Rfa1 Rxa5 17.Rxa5 h6 18.h3 Re8 19.Qa3 Nc8 20.c5 1/2-1/2

[Event "RUS-ChT L1"]
[Site "Sochi RUS"]
[Date "2008.04.05"]
[Round "3"]
[White "Kovalenko, Igor"]
[Black "Aveskulov, Valeriy"]
[Result "1/2-1/2"]
[WhiteElo "2450"]
[BlackElo "2532"]
[EventDate "2008.04.03"]
[PlyCount "72"]

1.e4 c5 2.Nf3 d6 3.d4 Nf6 4.Nc3 cxd4 5.Nxd4 a6 6.Bc4 e6 7.Bb3 Be7 8.Bg5 h6
9.Be3 Nc6 10.f4 Qc7 11.O-O b5 12.f5 Nxd4 13.Qxd4 O-O 14.fxe6 Bxe6 15.Kh1 
Rab8 16.Bxh6 gxh6 17.Rxf6 Bxf6 18.Qxf6 Kh7 19.Rf1 Qd8 20.Qd4 Qe7 21.Nd5 
Bxd5 22.Bxd5 Qe5 23.Qa7 Qxb2 24.h3 Kh8 25.Qxa6 Rbd8 26.Qc6 b4 27.Qb6 Rd7 
28.Qe3 Qg7 29.Rf5 Rg8 30.Qf2 Rc7 31.Qd2 Rc3 32.Rh5 Kh7 33.e5 Rd8 34.Be4+ 
Kg8 35.exd6 Qg3 36.Qxh6 Qe1+ 1/2-1/2

[Event "RUS-ChT L1"]
[Site "Sochi RUS"]
[Date "2008.04.05"]
[Round "3"]
[White "Kryakvin, Dmitry"]
[Black "Maximov, Dmitry"]
[Result "1/2-1/2"]
[WhiteElo "2535"]
[BlackElo "2485"]
[EventDate "2008.04.03"]
[PlyCount "54"]

1.e4 c5 2.Nf3 d6 3.d4 cxd4 4.Nxd4 Nf6 5.f3 Nc6 6.c4 e6 7.Nc3 Be7 8.Be2 O-O
9.Be3 d5 10.Nxc6 bxc6 11.cxd5 cxd5 12.exd5 Nxd5 13.Nxd5 exd5 14.O-O Bf6 
15.Bd4 Rb8 16.b3 Re8 17.Rf2 Rb4 18.Bxf6 Qxf6 19.Rc1 Be6 20.Qd2 Reb8 21.f4 
Rd4 22.Qa5 Ra8 23.g3 g6 24.Bf1 Bf5 25.Re1 Be4 26.Qc5 a5 27.Rc1 h5 1/2-1/2

[Event "RUS-ChT L1"]
[Site "Sochi RUS"]
[Date "2008.04.05"]
[Round "3"]
[White "Levin, Evgeny A"]
[Black "Maslak, Konstantin"]
[Result "1/2-1/2"]
[WhiteElo "2440"]
[BlackElo "2510"]
[EventDate "2008.04.03"]
[PlyCount "54"]

1.d4 Nf6 2.c4 g6 3.Nc3 d5 4.Nf3 Bg7 5.cxd5 Nxd5 6.Qa4+ c6 7.e4 Nxc3 8.bxc3
O-O 9.Be2 b6 10.O-O Bb7 11.Bg5 c5 12.dxc5 Qc7 13.cxb6 axb6 14.Qc4 Qxc4 15.
Bxc4 e6 16.Rab1 Nd7 17.Rfd1 Bxe4 18.Rb4 Nc5 19.Rxb6 Rfc8 20.Rbd6 Na4 21.
Rd8+ Rxd8 22.Rxd8+ Rxd8 23.Bxd8 Nxc3 24.Ba5 Bb1 25.Nd2 Bxa2 26.Bxc3 Bxc3 
27.Bxa2 Bxd2 1/2-1/2

[Event "RUS-ChT L1"]
[Site "Sochi RUS"]
[Date "2008.04.05"]
[Round "3"]
[White "Lintchevski, Daniil"]
[Black "Klimov, Anton"]
[Result "1/2-1/2"]
[WhiteElo "2440"]
[BlackElo "2351"]
[EventDate "2008.04.03"]
[PlyCount "76"]

1.e4 c5 2.Nf3 d6 3.d4 cxd4 4.Nxd4 Nf6 5.Nc3 a6 6.Be3 e5 7.Nf3 Be7 8.Bc4 
O-O 9.O-O Nc6 10.Qe2 Be6 11.Bb3 Na5 12.Rfd1 Qc7 13.Bg5 Rac8 14.Rac1 Nc4 
15.Bxc4 Bxc4 16.Qd2 Rfd8 17.Bxf6 Bxf6 18.b3 Be6 19.Nd5 Bxd5 20.Qxd5 b5 21.
c4 Qa5 22.cxb5 axb5 23.a4 Rc5 24.Qd2 Qxd2 25.Nxd2 Rxc1 26.Rxc1 bxa4 27.
bxa4 Bg5 28.Rc2 Bxd2 29.Rxd2 Ra8 30.Ra2 Kf8 31.Kf1 Ke7 32.Ke2 d5 33.exd5 
Kd6 34.a5 Ra6 35.Ke3 Kxd5 36.f4 exf4+ 37.Kxf4 Kc4 38.Ra1 Rf6+ 1/2-1/2

[Event "RUS-ChT L1"]
[Site "Sochi RUS"]
[Date "2008.04.05"]
[Round "3"]
[White "Lovkov, Roman"]
[Black "Potapov, Alexey"]
[Result "1-0"]
[WhiteElo "2457"]
[BlackElo "2320"]
[EventDate "2008.04.03"]
[PlyCount "71"]

1.d4 f5 2.c4 Nf6 3.Nc3 e6 4.e3 Bb4 5.Bd3 b6 6.Ne2 Bb7 7.f3 O-O 8.O-O Nc6 
9.a3 Bxc3 10.Nxc3 Qe7 11.b4 d6 12.Bc2 Kh8 13.Bb2 a5 14.b5 Nd8 15.Qe2 Nd7 
16.f4 d5 17.a4 Rf7 18.Ba3 Qf6 19.Bb3 dxc4 20.Bxc4 Qh6 21.d5 Rf6 22.Be7 Rg6
23.Bg5 Rxg5 24.fxg5 Qxg5 25.dxe6 Nc5 26.Rxf5 Qxf5 27.Rf1 Qxf1+ 28.Qxf1 
Ndxe6 29.Qf7 Rf8 30.Qe7 Rf6 31.Bd5 h6 32.Bxb7 Nxb7 33.Nd5 Rg6 34.Qe8+ Kh7 
35.Ne7 Nf8 36.Qxf8 1-0

[Event "RUS-ChT L1"]
[Site "Sochi RUS"]
[Date "2008.04.05"]
[Round "3"]
[White "Meshkov, Yuri A"]
[Black "Ivanov, Alexey2"]
[Result "0-1"]
[WhiteElo "2406"]
[BlackElo "2418"]
[EventDate "2008.04.03"]
[PlyCount "84"]

1.c4 e6 2.g3 Nf6 3.Bg2 d5 4.Nf3 Be7 5.O-O O-O 6.d4 dxc4 7.Qc2 a6 8.a4 Bd7 
9.Qxc4 Bc6 10.Bg5 a5 11.Nc3 Na6 12.Rac1 Nb4 13.Rfd1 Rc8 14.Bxf6 Bxf6 15.e4
b6 16.h4 Bb7 17.Qe2 Qe8 18.Qe1 c5 19.Nb5 Be7 20.Ne5 cxd4 21.Nc4 d3 22.Rc3 
Rc5 23.Nbd6 Bxd6 24.Nxd6 Qd7 25.Nxb7 Qxb7 26.Rxc5 bxc5 27.Qc3 Qc6 28.b3 
Rd8 29.e5 Qb6 30.Qc4 Rd4 31.Qc3 c4 32.bxc4 Qc5 33.Bf1 Rxc4 34.Qe1 Qd4 35.
Bg2 h5 36.Bf3 g6 37.Kf1 Rc5 38.Qe4 Qxe5 39.Qa8+ Kg7 40.Be4 Qd4 41.Kg2 Rc2 
42.Rf1 Ra2 0-1

[Event "RUS-ChT L1"]
[Site "Sochi RUS"]
[Date "2008.04.05"]
[Round "3"]
[White "Minasian, Artashes"]
[Black "Kalugin, Sergei"]
[Result "1/2-1/2"]
[WhiteElo "2578"]
[BlackElo "2457"]
[EventDate "2008.04.03"]
[PlyCount "76"]

1.e4 c5 2.Nf3 Nc6 3.Bb5 g6 4.Bxc6 dxc6 5.d3 Bg7 6.h3 Nf6 7.Nc3 Nd7 8.Be3 
e5 9.Qd2 h6 10.O-O Qe7 11.Nh2 Nf8 12.f4 exf4 13.Bxf4 Ne6 14.Bg3 O-O 15.e5 
Nd4 16.Rae1 Bf5 17.Ne4 Bxe4 18.Rxe4 Nf5 19.Bf4 Kh7 20.Ng4 Rad8 21.Rf2 Rfe8
22.Qc1 Qf8 23.Qf1 Kg8 24.Nf6+ Bxf6 25.exf6 Rxe4 26.dxe4 Nd4 27.Rd2 Ne6 28.
c3 c4 29.Rxd8 Qxd8 30.Bxh6 Qa5 31.Qxc4 Qb6+ 32.Kh2 Qf2 33.Qd3 Qxf6 34.Be3 
Qe5+ 35.Kg1 Qg3 36.Qd2 Qe5 37.Qd3 Qg3 38.Qe2 a6 1/2-1/2